00384pab a2200145 454500008004000000100002500040245005900065260000900124300001400133362000800147650001800155650001400173700001700187773003400204180718b2002 xxu||||| |||| 00| 0 eng d aMurthy, R. Srinivasa aDisaster and mental health: psychosocial interventions c2002 ap.173-81. aApr aMental health aDisasters aKarki, Manju aIndian Journal of Social Work